[Event "ICS rated blitz match"]
[Site "207.99.83.227"]
[Date "1999.04.10"]
[Round "?"]
[White "matar"]
[Black "Hossa"]
[Result "1-0"]
[WhiteElo "2386"]
[BlackElo "2483"]
[Annotator "Crafty v16.6"]
[PlyCount "58"]

{annotating for player Hossa using a scoring margin of +0.10 pawns. search
time limit is 20.00} 1. e4 1... d6 2. d4 Nf6 3. Nc3 g6 ({8:-0.66} 3... g6 4.
Be2 d5 5. e5 Ne4 6. Nxe4 dxe4 7. Bg5 7... Bf5 $14) ({8:-0.36} 3... Nc6 4. Bb5
Bd7 5. Nf3 a6 6. Bc4 Na5 7. Bd3 $14) 4. Be3 Bg7 5. Qd2 Ng4 6. Bg5 h6 7. Bh4 g5
8. Bg3 Nc6 ({7:-0.71} 8... Nc6 9. f3 Nf6 10. O-O-O Nh5 11. Bb5 Nxg3 12. hxg3
$16) ({7:-0.55} 8... h5 9. f3 h4 10. Bb5+ c6 11. Qxg5 hxg3 12. Qxg7 12... Rxh2
$14) 9. Nf3 e5 ({8:-0.87} 9... e5 10. d5 Nd4 11. O-O-O c5 12. h3 Nxf3 13. gxf3
13... Nf6 $16) ({8:-0.56} 9... f5 10. exf5 Bxf5 11. O-O-O Nb4 12. h3 Nf6 13.
Bb5+ c6 14. Ba4 $14) 10. Bb5 exd4 11. Nxd4 Bd7 12. Bxc6 bxc6 13. O-O-O O-O 14.
h4 Rb8 15. hxg5 Bxd4 ({8:-1.44} 15... Bxd4 16. Qxd4 Qxg5+ 17. Rd2 c5 18. Qd3
Rb4 19. f4 Qe7 20. Kb1 $16) ({8:-0.60} 15... Qxg5 16. f4 Qc5 17. Kb1 Qb4 18. b3
c5 19. Nde2 $14) 16. Qxd4 Qxg5+ 17. f4 Qa5 18. f5 c5 19. Qd2 Qb4 20. b3 Qa3+ ({
8:-3.30} 20... Qa3+ 21. Kb1 f6 22. Qf4 h5 23. Rxh5 Ne5 24. Qh6 Kf7 25. Bxe5
25... fxe5 $18) ({8:-1.86} 20... Rfe8 21. Rh4 Rxe4 22. Nxe4 Qxe4 23. Bf4 h5 24.
Rxh5 24... Bxf5 $18) 21. Kb1 Kh7 ({7:-11.50} 21... Kh7 22. Rxh6+ Nxh6 23. Rh1
Rxb3+ 24. cxb3 Qxb3+ 25. axb3 Kg8 26. Qg5+ Kh8 27. Rxh6# $18) ({8:-3.93} 21...
Rfe8 22. Rh4 Bxf5 23. exf5 Rb4 24. Nb5 Rxb5 25. Rxg4+ 25... Kh7 $18) 22. Rh4
Bxf5 23. exf5 Rb4 24. Rdh1 Ne3 ({7:-14.90} 24... Ne3 25. Rxh6+ Kg8 26. Rh8+ Kg7
27. R1h7+ Kf6 28. Rh6+ Ke7 29. Bxd6+ Kd7 30. Bxc5+ Kc8 31. Rxf8+ Kb7 32. Qxe3
$18) ({7:-6.25} 24... Kg8 $18) 25. Rxh6+ Kg8 26. Qxe3 Rf4 ({5:-Mat04} 26... Rf4
27. Rg6+ fxg6 28. Qe6+ Rf7 29. Qe8+ Kg7 30. Qh8# $18) ({5:-12.86} 26... Rxb3+
$18) 27. Qxf4 f6 28. Qc4+ d5 29. Qxd5+ Rf7 1-0

[Event "ICS rated blitz match"]
[Site "207.99.83.227"]
[Date "1999.04.11"]
[Round "?"]
[White "Hossa"]
[Black "inmortal"]
[Result "1-0"]
[WhiteElo "2464"]
[BlackElo "2446"]
[PlyCount "49"]

1. e4 e5 2. Nf3 Nc6 3. Bb5 a6 4. Bxc6 Nf6 5. Ba4 b5 6. Bb3 d6 7. Ng5 d5 8. exd5
Bc5 9. d6 O-O 10. dxc7 Qd4 11. O-O Bb7 12. a4 Qh4 13. Nxf7 Rxf7 14. Bxf7+ Kxf7
15. Qe2 Kg8 16. axb5 Rf8 17. bxa6 Ng4 18. Qxg4 Qxg4 19. axb7 Qe2 20. d4 Bxd4
21. Nd2 Rxf2 22. c8=Q+ Kf7 23. Qc4+ Qxc4 24. Nxc4 Rf3+ 25. Be3 {
inmortal resigns} 1-0

[Event "ICS rated blitz match"]
[Site "207.99.83.227"]
[Date "1999.04.11"]
[Round "?"]
[White "inmortal"]
[Black "Hossa"]
[Result "0-1"]
[WhiteElo "2444"]
[BlackElo "2479"]
[PlyCount "84"]

1. e4 d6 2. d4 Nf6 3. Nc3 g6 4. Be3 Bg7 5. h3 Nc6 6. Qd2 e5 7. d5 Ne7 8. O-O-O
O-O 9. Kb1 Bd7 10. g4 Kh8 11. Nge2 Nfg8 12. Ng3 Qb8 13. Be2 b5 14. Rdg1 Rc8 15.
h4 b4 16. Nd1 Nf6 17. f3 Kg8 18. h5 gxh5 19. Nxh5 Nxh5 20. Rh4 Nf4 21. Rgh1 h6
22. Nf2 Neg6 23. R4h2 Bb5 24. Bxb5 Qxb5 25. Nd3 Nxd3 26. cxd3 Nf4 27. Bxf4 exf4
28. Rxh6 Bxh6 29. Rxh6 Rab8 30. Ka1 Qb6 31. d4 Qa6 32. Rh1 b3 33. a3 Qc4 34.
Rc1 Qa4 35. Rd1 c6 36. Qxf4 cxd5 37. exd5 Qc4 38. Rh1 Qd3 39. Qg5+ Qg6 40. Qh4
Qg7 41. f4 Rc2 42. f5 42... Qxd4 {inmortal resigns} 0-1

[Event "ICS rated blitz match"]
[Site "207.99.83.227"]
[Date "1999.04.11"]
[Round "?"]
[White "inmortal"]
[Black "Hossa"]
[Result "1-0"]
[WhiteElo "2446"]
[BlackElo "2493"]
[Annotator "Crafty v16.6"]
[PlyCount "101"]

{annotating for player Hossa using a scoring margin of +0.10 pawns. search
time limit is 20.00} 1. e4 1... e5 2. Nf3 Nc6 3. Bc4 Bc5 ({8:-0.50} 3... Bc5 4.
Qe2 d6 5. O-O f5 6. Nc3 Nf6 7. a3 fxe4 8. Nxe4 $14) ({8:-0.18} 3... f5 4. d3
fxe4 5. dxe4 Nf6 6. Bg5 h6 7. Bxf6 Qxf6 8. O-O $10) 4. b4 Bxb4 5. c3 Be7 ({
8:+0.51} 5... Be7 6. O-O Nf6 7. d3 d5 8. Bb5 Bg4 9. Nbd2 $15) ({8:+0.72} 5...
Bd6 6. O-O Nf6 7. d3 O-O 8. Bg5 Bc5 9. Nbd2 $17) 6. d4 exd4 ({8:+0.19} 6...
exd4 7. Qb3 dxc3 8. Bxf7+ Kf8 9. O-O Na5 10. Qxc3 Kxf7 11. Ne5+ Kf6 12. Qxa5
$10) ({8:+0.51} 6... Na5 7. Nxe5 Nxc4 8. Nxc4 Nf6 9. O-O O-O 10. Nbd2 10... Re8
$15) 7. cxd4 Nf6 8. e5 Ne4 9. Bd5 Bb4+ 10. Kf1 f5 11. Nbd2 Nc3 12. Qb3 Nxd5 13.
Qxd5 Bc3 ({8:+0.81} 13... Bc3 14. Rb1 a5 15. Bb2 Ne7 16. Qc4 Bb4 17. Kg1 $17) (
{8:+1.03} 13... d6 14. Qb5 O-O 15. Rb1 Bxd2 16. Bxd2 Qe7 17. Qc4+ Qf7 18. Qxf7+
Rxf7 19. Bg5 $17) 14. Rb1 Ne7 ({8:+0.40} 14... Ne7 15. Qc4 Bxd2 16. Bxd2 c6 17.
Bg5 h6 18. Bxe7 Qxe7 19. Ke1 $15) ({8:+0.80} 14... Qe7 15. Qc4 Ba5 16. Nb3 Bb4
17. Bg5 Qe6 18. Qb5 $17) 15. Qc4 Bxd2 16. Bxd2 c6 17. Bb4 b5 18. Qb3 Nd5 19.
Bd6 Ba6 ({8:+0.04} 19... Ba6 20. Kg1 Nf4 21. Qe3 g5 22. Qa3 g4 23. Qxa6 23...
gxf3 $10) ({8:+0.18} 19... Nb6 20. Qd3 g6 21. Qa3 Nc4 22. Qc5 Nxd6 23. Qxd6
23... Bb7 $10) 20. h4 Nc3 ({8:+0.00} 20... Nc3 21. Ng5 Nd5 22. Nf3 $10) ({
8:+0.37} 20... Bb7 21. Qc2 Qa5 22. Rc1 f4 23. Rh3 Qd8 24. Qf5 $15) 21. Re1 b4+
({8:-0.34} 21... b4+ 22. Kg1 Ne2+ 23. Rxe2 Bxe2 24. Ng5 Qa5 25. Qf7+ Kd8 26.
Qxg7 Re8 27. Nxh7 Qxa2 28. Bxb4 $14) ({8:+1.77} 21... Ne4 $19) 22. Kg1 Ne2+ 23.
Kh2 Nxd4 24. Nxd4 Qxh4+ 25. Qh3 Qxd4 26. Qh5+ Kd8 27. Qf7 Qxf2 28. Re4 Bf1 29.
Rxf1 Qd2 30. Rxb4 Qh6+ 31. Kg1 Qe3+ 32. Kh2 Qh6+ 33. Kg3 Qg6+ 34. Qxg6 hxg6 35.
Rb7 Rh5 36. Rfb1 Ke8 37. e6 dxe6 38. Rxg7 Rh8 39. Rbb7 Kd8 40. Be5 f4+ 41. Kxf4
Rf8+ 42. Ke4 Kc8 43. g4 c5 44. g5 Rh8 45. Rgc7+ Kd8 46. Bxh8 Ke8 47. Bf6 Rd8
48. Rh7 Rd7 49. Rbxd7 a5 50. Rc7 a4 51. Rc8# 1-0

[Event "ICS rated blitz match"]
[Site "207.99.83.227"]
[Date "1999.04.11"]
[Round "?"]
[White "Hossa"]
[Black "zia"]
[Result "1-0"]
[WhiteElo "2475"]
[BlackElo "2176"]
[PlyCount "59"]

1. e4 e6 2. Nf3 c5 3. Bb5 Ne7 4. O-O a6 5. Be2 Nbc6 6. Nc3 b5 7. d3 b4 8. Na4
Ng6 9. Bg5 Be7 10. Bxe7 Qxe7 11. d4 cxd4 12. Nb6 Rb8 13. Nxc8 Rxc8 14. Bxa6 Rb8
15. Nxd4 O-O 16. Nb3 Rfd8 17. Qf3 d5 18. exd5 Rxd5 19. a4 Qf6 20. Qxf6 gxf6 21.
Bc4 Re5 22. Rad1 Kg7 23. Bb5 Nce7 24. Rd4 Nd5 25. Bc4 Ngf4 26. Kh1 Ra8 27. g3
Ng6 28. Bxd5 Rxd5 29. Rxb4 Rd2 30. Nxd2 {zia resigns} 1-0

[Event "ICS rated blitz match"]
[Site "207.99.83.227"]
[Date "1999.04.11"]
[Round "?"]
[White "Hossa"]
[Black "totoff"]
[Result "1-0"]
[WhiteElo "2487"]
[BlackElo "2115"]
[PlyCount "55"]

1. e4 e6 2. Nf3 c5 3. Bb5 a6 4. Be2 Nc6 5. O-O Nf6 6. d3 Be7 7. Bg5 d6 8. c4
O-O 9. Nc3 h6 10. Be3 Ng4 11. Qd2 Nxe3 12. fxe3 Bf6 13. Rae1 Rb8 14. d4 cxd4
15. exd4 Qb6 16. Rd1 e5 17. Nd5 Qd8 18. Nxf6+ Qxf6 19. Nxe5 Qe6 20. Nxc6 bxc6
21. Bd3 c5 22. Qf2 Bd7 23. dxc5 dxc5 24. b3 Rbc8 25. Bc2 Bc6 26. Qf5 Qxf5 27.
Rxf5 Rfe8 28. Rxc5 {totoff resigns} 1-0

[Event "ICS rated blitz match"]
[Site "207.99.83.227"]
[Date "1999.04.11"]
[Round "?"]
[White "totoff"]
[Black "Hossa"]
[Result "1-0"]
[WhiteElo "2112"]
[BlackElo "2490"]
[Annotator "Crafty v16.6"]
[PlyCount "135"]

{annotating for player Hossa using a scoring margin of +0.10 pawns. search
time limit is 20.00} 1. e4 1... c5 2. Nf3 Nc6 3. Bb5 a6 4. Bxc6 dxc6 5. d3 Bg4
6. Nbd2 Nf6 7. h3 Bh5 8. g4 Bg6 9. Qe2 e6 ({8:-0.41} 9... e6 10. Nc4 Be7 11.
Bd2 Nd7 12. Na5 O-O 13. Nxb7 $14) ({8:-0.28} 9... b5 10. Ne5 Qd6 11. Nxg6 hxg6
12. Nb3 Qe5 13. f4 13... Qd6 $10) 10. a4 Be7 11. a5 O-O ({9:-0.86} 11... O-O
12. Ne5 Nd7 13. Nxg6 hxg6 14. Nc4 Bg5 15. Bxg5 Qxg5 16. Nd6 16... b5 $16) ({
9:+0.26} 11... Nd7 12. Nb3 Qc7 13. Bd2 h5 14. g5 c4 15. dxc4 15... O-O-O $10)
12. Nc4 Nd7 13. Bf4 f5 ({9:-0.88} 13... f5 14. gxf5 exf5 15. e5 Bh5 16. e6 Nf6
17. Nb6 Ra7 18. Be5 $16) ({9:-0.48} 13... f6 14. e5 fxe5 15. Bxe5 Nxe5 16.
Ncxe5 Be8 17. Qe3 Qd5 18. c4 18... Qd6 $14) 14. Bd6 fxg4 ({8:+0.67} 14... fxg4
15. Nfe5 Nxe5 16. Bxe7 Nf3+ 17. Qxf3 gxf3 18. Bxd8 18... Raxd8 $15) ({8:+0.85} 
14... Bxd6 15. Nxd6 fxg4 16. Nd2 Ne5 17. N2c4 Nxc4 18. Nxc4 gxh3 19. Rxh3 19...
Qd4 $17) 15. hxg4 Bxd6 16. Nxd6 Rxf3 17. Qxf3 Ne5 18. Qh3 Qxd6 19. f4 Nf7 ({
9:-1.70} 19... Nf7 20. f5 e5 21. Qf3 Nh8 22. fxg6 Nxg6 23. c4 23... Rf8 $18) ({
9:+0.56} 19... Nc4 20. f5 Qf4 21. Rd1 Rf8 22. dxc4 Qxe4+ 23. Kd2 exf5 24. gxf5
24... Bxf5 $15) 20. f5 exf5 21. gxf5 c4 ({9:-1.49} 21... c4 22. fxg6 Qxg6 23.
Qh2 Re8 24. O-O-O Qh6+ 25. Qxh6 Nxh6 26. Rhe1 cxd3 27. Rxd3 $16) ({9:-1.37} 
21... Bxf5 22. Qxf5 g6 23. Qh3 h5 24. O-O-O Ne5 25. Rdf1 25... Qd4 $16) 22.
fxg6 Qxg6 23. O-O-O cxd3 24. cxd3 Qh6+ 25. Qxh6 Nxh6 26. Rdg1 Kh8 ({10:-1.81} 
26... Kh8 27. Kd2 Rf8 28. Ke3 Rf6 29. Rh5 Kg8 30. Rhg5 g6 31. e5 $18) ({
10:-1.37} 26... Nf7 27. Kd2 g5 28. Rf1 h6 29. Rf5 Re8 30. Rh5 30... Nd6 $16)
27. Rf1 Rd8 28. Kc2 Kg8 29. Rf4 Nf7 30. Rhf1 Ne5 31. Rd1 Rd6 32. Kc3 g6 33. d4
c5 34. d5 h6 35. Rdf1 Rd8 36. Rf6 Re8 37. Re6 Rxe6 38. dxe6 Nc6 39. Rf7 Nxa5
40. Rc7 Kf8 41. b4 cxb4+ 42. Kxb4 b6 43. Kc3 b5 44. Kd4 g5 45. Ke5 Ke8 46. Kf6
Kd8 47. Ra7 Nc6 48. Rxa6 Ne7 49. Ra8+ Kc7 50. Kxe7 Kb7 51. Rh8 g4 52. Kf7 Kc6
53. e7 Kc5 54. e8=Q Kc4 55. Qe6+ Kd4 56. Rxh6 g3 57. Qd5+ Kc3 58. Rg6 g2 59.
Rxg2 Kb4 60. Rb2+ Kc3 61. Qd2+ Kc4 62. Rb4+ Kc5 63. Qd4+ Kc6 64. Qd5+ Kb6 65.
Qxb5+ Kc7 66. Qb6+ Kd7 67. Rd4+ Kc8 68. Rd8# 1-0

[Event "ICS rated blitz match"]
[Site "207.99.83.227"]
[Date "1999.04.11"]
[Round "?"]
[White "Hossa"]
[Black "totoff"]
[Result "1-0"]
[WhiteElo "2461"]
[BlackElo "2121"]
[PlyCount "117"]

1. e4 e6 2. Nf3 c5 3. Bb5 a6 4. Be2 Nc6 5. O-O Nf6 6. d3 Be7 7. Bg5 d6 8. c4
O-O 9. Nc3 h6 10. Be3 Ng4 11. Qd2 Nxe3 12. fxe3 Bf6 13. Rae1 Rb8 14. d4 Qa5 15.
Rd1 Rd8 16. Rf2 b5 17. cxb5 axb5 18. Ra1 b4 19. Nd1 Qb6 20. d5 Ne5 21. Nxe5
Bxe5 22. Rf1 Bd7 23. Bc4 Rf8 24. Nf2 g6 25. Ng4 Bg7 26. Nf6+ Bxf6 27. Rxf6 e5
28. Raf1 Kg7 29. R6f3 Rb7 30. Qf2 Be8 31. Rf6 Qd8 32. Qh4 Qe7 33. Kh1 Ba4 34.
R1f3 Bc2 35. Rf2 Bb1 36. Kg1 Ra7 37. a3 bxa3 38. bxa3 Kh7 39. Rf1 Bc2 40. Qf2
Bxe4 41. Qh4 Bf5 42. R1xf5 Rxa3 43. Rh5 Ra1+ 44. Bf1 Rxf1+ 45. Rxf1 Qxh4 46.
Rxh4 f5 47. Ra4 Rf7 48. Ra6 Rd7 49. Rb1 Kg7 50. Rbb6 g5 51. Rxd6 Rb7 52. Rg6+
Kf7 53. Rgf6+ Ke7 54. Rae6+ Kd7 55. Rf7+ Kd8 56. Rxb7 Kc8 57. Ra7 Kb8 58. Rf7
Kc8 59. Re8# {totoff checkmated} 1-0

[Event "ICS rated blitz match"]
[Site "207.99.83.227"]
[Date "1999.04.11"]
[Round "?"]
[White "blunite"]
[Black "Hossa"]
[Result "1-0"]
[WhiteElo "2275"]
[BlackElo "2465"]
[Annotator "Crafty v16.6"]
[PlyCount "89"]

{annotating for player Hossa using a scoring margin of +0.10 pawns. search
time limit is 20.00} 1. e4 1... d6 2. d4 Nf6 3. Nc3 g6 ({8:-0.66} 3... g6 4.
Be2 d5 5. e5 Ne4 6. Nxe4 dxe4 7. Bg5 7... Bf5 $14) ({8:-0.36} 3... Nc6 4. Bb5
Bd7 5. Nf3 a6 6. Bc4 Na5 7. Bd3 $14) 4. Bc4 Bg7 5. Qe2 Bg4 ({8:-0.58} 5... Bg4
6. f3 Bd7 7. Be3 O-O 8. O-O-O Nc6 9. Nh3 $14) ({8:-0.43} 5... c6 6. Bg5 d5 7.
exd5 Nxd5 8. Nf3 h6 9. Nxd5 9... hxg5 $14) 6. Nf3 Bxf3 ({8:-0.84} 6... Bxf3 7.
Qxf3 Nc6 8. Be3 O-O 9. O-O Na5 10. Bd3 10... c6 $16) ({8:-0.29} 6... Nc6 7. Be3
e5 8. O-O-O exd4 9. Bxd4 Nxd4 10. Rxd4 O-O 11. Rhd1 $10) 7. Qxf3 Nbd7 8. Be3 e5
({8:-0.98} 8... e5 9. d5 O-O 10. O-O Nb6 11. Bb5 a6 12. Bd3 $16) ({8:-0.81} 
8... O-O 9. O-O-O e5 10. Kb1 Ne8 11. d5 c6 12. Bd3 cxd5 13. Nxd5 $16) 9. O-O-O
O-O 10. g4 exd4 11. Bxd4 Bh6+ ({8:-0.56} 11... Bh6+ 12. Kb1 c5 13. Bxf6 Qxf6
14. Qh3 Bg7 15. Qg3 Ne5 16. Nd5 $14) ({8:-0.43} 11... c5 12. Bxf6 Qxf6 13. Qxf6
Nxf6 14. f3 Bh6+ 15. Kb1 Bf4 16. g5 16... Nd7 $14) 12. Kb1 Re8 ({9:-1.31} 12...
Re8 13. h4 c5 14. Bxf6 Qxf6 15. Qxf6 Nxf6 16. g5 Nxe4 17. gxh6 17... Nxf2 $16)
({9:-0.46} 12... c5 13. Bxf6 Qxf6 14. Qh3 Bg7 15. g5 Qe7 16. Nd5 Qxe4 17. Qxd7
Qxc4 18. Qxd6 $14) 13. h4 c5 14. Bxf6 Qxf6 15. Qxf6 Nxf6 16. g5 Nxe4 17. Nxe4
Rxe4 18. Bd3 Rf4 19. gxh6 Rxf2 20. Be4 Rb8 ({10:-3.07} 20... Rb8 21. Rxd6 b5
22. Bd5 a5 23. Rd7 Re8 24. Rd1 Rf4 25. Rh1 $18) ({10:-2.58} 20... f5 21. Bxb7
Rb8 22. Bc6 Rd8 23. Rh3 Re2 24. Rhd3 Rh2 25. Rxd6 Rxd6 26. Rxd6 26... Rxh4 $18)
21. Rxd6 b6 22. Rd7 Re8 23. Bd5 a5 24. a3 Kf8 25. h5 g5 26. Rg1 Re5 27. Bb3 b5
28. a4 c4 ({9:-2.71} 28... c4 29. Ba2 c3 30. Rd8+ Ke7 31. Rgd1 Rd2 32. R8xd2
cxd2 33. axb5 f5 34. Rxd2 34... Rxb5 $18) ({9:-2.01} 28... bxa4 29. Bxa4 Rf4
30. b3 g4 31. Rd8+ Ke7 32. Rh8 c4 33. Rxh7 cxb3 34. cxb3 34... Rxh5 $18) 29.
Ba2 Ree2 ({8:-3.00} 29... Ree2 30. Rc1 bxa4 31. Bxc4 Re7 32. Rd8+ Re8 33. Rxe8+
Kxe8 34. Bb5+ Kf8 35. Ka2 f5 36. Bxa4 $18) ({8:-2.71} 29... c3 30. Rd8+ Ke7 31.
Rgd1 Rd2 32. R8xd2 cxd2 33. axb5 Rxb5 34. Rxd2 34... f5 $18) 30. Rc1 bxa4 31.
Bxc4 Re4 32. Bd3 Re5 33. Bxh7 g4 34. Rg1 Rf4 35. Bd3 Rxh5 36. h7 f5 37. Ka2 Rf2
38. Re1 Rfh2 39. Ree7 Rd2 40. Rg7 Rxh7 41. Rxh7 Kg8 42. Ra7 Rxd3 43. cxd3 a3
44. Rhb7 axb2 45. Rb8# 1-0

[Event "ICS rated blitz match"]
[Site "207.99.83.227"]
[Date "1999.04.11"]
[Round "?"]
[White "blunite"]
[Black "Hossa"]
[Result "0-1"]
[WhiteElo "2314"]
[BlackElo "2419"]
[Annotator "Fritz 5.32 (15s)"]
[PlyCount "108"]

1. e4 e5 2. Nf3 Nc6 3. Bc4 Bc5 4. Nc3 Nf6 5. a3 O-O 6. d3 6... d6 $146 (6... h6
7. O-O d6 8. h3 Nd4 9. Be3 Nxf3+ 10. Qxf3 Bxe3 11. Qxe3 c6 12. Qg3 Qd7 13. Ne2
c5 14. f4 exf4 15. Nxf4 Qa4 16. Ng6 Re8 17. Rxf6 gxf6 18. Ne5+ Kh7 19. Bxf7 Rf8
20. Qg6+ Kh8 21. Qxh6# {1-0 Vogel,N-Beier,A/ODEM U17w Kerkwitz 1996 (21)}) (
6... a6 7. h3 Re8 8. O-O h6 9. Be3 Bf8 10. Nd2 d6 11. f4 Be6 12. f5 Bxc4 13.
dxc4 b5 14. Bf2 Nd4 15. Nd5 Nd7 16. c3 Nc6 17. Qg4 Ne7 18. f6 Ng6 19. fxg7 Bxg7
20. cxb5 axb5 21. Be3 {Minasian Ara-Galdunts Sergey/Ch URS (young masters),
Kherson (Ukrain 1991/1-0 (39)}) 7. Na4 Bg4 8. Nxc5 dxc5 9. h3 Bxf3 10. Qxf3 Nd4
11. Qd1 b5 12. Ba2 12... c4 {Schwarz gewinnt Raum} 13. O-O cxd3 14. cxd3 {
Deckt e4} 14... Qd6 15. f4 Nd7 16. fxe5 Nxe5 17. Bf4 17... Qc5 $14 (17... Ne6
18. Bxe5 Qxe5 19. Rf2 $11) 18. Kh1 Qe7 19. Rc1 19... c6 {Staerkt d5} 20. Qd2
Rae8 21. Qc3 $15 (21. b4 $5 $14 $142 {ist zu ueberlegen}) 21... Ne2 22. Bxe5 $2
$19 (22. Qxe5 $142 {sieht noch spielbar aus} 22... Qxe5 23. Bxe5 Nxc1 24. Rxc1
Rxe5 25. Rxc6 $11) 22... Nxc3 23. Bxc3 c5 24. Rb1 (24. Bd5 24... Rc8 $19) 24...
Rd8 25. Rbd1 (25. Bd5 25... Kh8 $19) 25... b4 26. axb4 cxb4 27. Be1 Qc5 28. Bc4
(28. Bd5 28... Rd7 $19) 28... a5 (28... Qxc4 $1 {ginge schneller} 29. dxc4 Rxd1
30. Kg1 $19) 29. b3 Qh5 30. Bf2 Rd6 31. Bg1 Rd7 32. Kh2 (32. Ra1 32... g6 $19)
32... Re8 33. g4 Qe5+ 34. Kg2 h5 (34... Rc8 35. Rf5 Qb2+ 36. Bf2 $19) 35. Bh2 (
35. Rf5 Qb2+ 36. Rf2 36... Qc3 $19) 35... Qc5 36. Rf5 Qd4 (36... Qe3 $5 {
erleichterte Schwarz die Gewinnfuehrung} 37. Ra1 hxg4 38. hxg4 $19) 37. Rdf1
37... Rf8 $17 (37... hxg4 $5 $142 38. hxg4 38... Ree7 $19) 38. g5 (38. Rxh5 Rc8
39. Be5 39... Qe3 $17) 38... Qb6 39. Bg1 Qg6 40. h4 40... Rc7 $11 (40... Kh7 $5
$17 $142) 41. Bh2 $2 $17 (41. Bc5 Rfc8 42. Rxf7 Rxf7 43. Bxf7+ Qxf7 44. Rxf7
Kxf7 45. Bb6 Rc2+ 46. Kf3 $19) 41... Ra7 $11 (41... Rxc4 $142 42. dxc4 42...
Rd8 $17) 42. Bg1 Rd7 43. Bc5 Rfd8 (43... Rc8 44. Rxf7 Rxf7 45. Bxf7+ Qxf7 46.
Rxf7 Kxf7 47. Bb6 Rc2+ 48. Kf3 $19) 44. Rxf7 Rxf7 45. Rxf7 (45. Bxf7+ $2 45...
Qxf7 46. Rxf7 46... Kxf7 $19) 45... Qxf7 46. Bxf7+ $2 (46. g6 46... Qxc4 $1 {
Rueckgabe des Materials ist das staerkste} 47. dxc4 Rd2+ 48. Kg3 Rd3+ 49. Kf4
Rxb3 50. Bd4 $19) 46... Kxf7 47. d4 a4 48. d5 (48. bxa4 {
macht keinen grossen Unterschied} 48... b3 49. Ba3 49... Rxd4 $19) 48... axb3
49. Bd4 Rc8 50. e5 (50. g6+ {nuetzt auch nichts mehr} 50... Kxg6 51. d6 Rc2+
52. Kf3 b2 53. Bxb2 53... Rxb2 $19) 50... Rc3 51. e6+ Ke7 52. Bxg7 b2 53. Bf6+
53... Kd6 {Droht Matt: Rc2} 54. e7 Kd7 (54... Kd7 55. Bxc3 55... bxc3 $19) 0-1

[Event "ICS rated blitz match"]
[Site "207.99.83.227"]
[Date "1999.04.11"]
[Round "?"]
[White "SABINAH"]
[Black "Hossa"]
[Result "1/2-1/2"]
[WhiteElo "2038"]
[BlackElo "2430"]
[PlyCount "324"]

1. e4 e5 2. Nf3 Nc6 3. Bb5 a6 4. Bxc6 dxc6 5. O-O Qd6 6. d4 exd4 7. Qxd4 Qxd4
8. Nxd4 Bd7 9. Nc3 Bb4 10. Bd2 O-O-O 11. a3 Bg4 12. Nb3 Bd6 13. f3 Be6 14. Be3
Be5 15. Rad1 Bxc3 16. bxc3 Rxd1 17. Rxd1 Nf6 18. Nc5 Nd7 19. Nxd7 Bxd7 20. Kf2
Be6 21. Ke2 Bc4+ 22. Kf2 b6 23. Rd4 b5 24. Bf4 h5 25. Be5 f6 26. Bf4 g5 27. Bc1
Re8 28. Rd1 Re6 29. Ke3 Rd6 30. Rxd6 cxd6 31. Bd2 Kd7 32. h4 Ke6 33. hxg5 fxg5
34. Kd4 Kf6 35. g3 h4 36. gxh4 gxh4 37. Be1 h3 38. Bg3 Ke6 39. Ke3 d5 40. exd5+
Bxd5 41. f4 c5 42. Kf2 Be4 43. Kg1 Bxc2 44. Kh2 Bf5 45. Bf2 Kd5 46. Be3 Ke4 47.
Bxc5 Kxf4 48. Bb4 Be6 49. Bd6+ Ke4 50. Kg3 Kd3 51. Bb4 Kc2 52. Kh2 Kb2 53. Kg3
Kb3 54. Kh2 Kc2 55. Kg3 Kd3 56. Kh2 Bf5 57. Kg3 Kc4 58. Kh2 Bc8 59. Kg3 Be6 60.
Kh2 Bd7 61. Kg3 Kb3 62. Kh2 Kc2 63. Kg3 Bf5 64. Kh2 Kb2 65. Kg3 Kb3 66. Kh2 Kc2
67. Kg3 Kb2 68. Kh2 Kc1 69. Kg3 Bc8 70. Kh2 Kb2 71. Kg3 Kb3 72. Kh2 Be6 73. Kg3
Kb2 74. Kh2 Bg4 75. Kg3 Kb3 76. Kh2 Bd7 77. Kg3 Kc4 78. Kh2 Bf5 79. Kg3 Bc8 80.
Kh2 Kb3 81. Kg3 Kb2 82. Kh2 Kc1 83. Kg3 Kc2 84. Kh2 Kd3 85. Kg3 Bg4 86. Kh2 Kc2
87. Kg3 Bd7 88. Kh2 Kd3 89. Kg3 Bf5 90. Kh2 Bg4 91. Kg3 Bc8 92. Kh2 Ke4 93. Kg3
Bd7 94. Kh2 Bf5 95. Kg3 Ke5 96. Kh2 Kf4 97. Kh1 a5 98. Bxa5 Kg4 99. Kh2 Be6
100. Bb4 Bd5 101. Ba5 Bb3 102. Bb4 Bc2 103. Ba5 Bd3 104. Bb4 Bf1 105. Ba5 Kf3
106. Bb4 Kf4 107. Ba5 Bg2 108. Bb4 Ke3 109. Bc5+ Kd2 110. Bb4 Ke2 111. Ba5 Kd3
112. Bb4 Bf1 113. Ba5 Ke4 114. Bb4 Kf3 115. Ba5 Kg4 116. Bb4 Be2 117. Ba5 Bc4
118. Bb4 Bd3 119. Bd6 Be2 120. Bc5 Bc4 121. Bb4 Be6 122. Bc5 Kf4 123. Bb4 Ke3
124. Bd6 Kd2 125. Bb4 Kd3 126. Ba5 Bc8 127. Bb4 Bd7 128. Ba5 Bf5 129. Bb4 Kc4
130. Ba5 Bd7 131. Bb4 Bg4 132. Ba5 Kd5 133. Bb4 Be6 134. Ba5 Bc8 135. Bb4 Kc4
136. Ba5 Bg4 137. Bb4 Kd3 138. Kh1 Bf5 139. Kh2 Kc4 140. Kh1 Kd3 141. Kh2 Kc4
142. Ba5 Bd7 143. Bb4 Be6 144. Kh1 Kd3 145. Kh2 Kc2 146. Kh1 Bc8 147. Kh2 Bg4
148. Kh1 Be6 149. Kh2 Kb3 150. Kh1 Bc4 151. Kh2 Be6 152. Kh1 Kc4 153. Kh2 Bd7
154. Kh1 Be6 155. Kh2 Bd7 156. Kh1 Be6 157. Kh2 Bd7 158. Kh1 Be6 159. Kh2 Bd7
160. Kh1 Be6 161. Kh2 Bd7 162. Kh1 162... Be6 {Game drawn by repetition}
1/2-1/2

[Event "ICS rated blitz match"]
[Site "207.99.83.227"]
[Date "1999.04.11"]
[Round "?"]
[White "Hossa"]
[Black "SABINAH"]
[Result "1-0"]
[WhiteElo "2417"]
[BlackElo "2051"]
[PlyCount "91"]

1. e4 c6 2. Nc3 d5 3. exd5 cxd5 4. Nf3 Nc6 5. Bb5 Bg4 6. O-O e6 7. a3 Bd6 8.
Re1 Nf6 9. d3 O-O 10. Bg5 a6 11. Bxc6 bxc6 12. Rb1 h6 13. Bh4 c5 14. Qe2 Qc7
15. Kh1 Nd7 16. Bg3 Bxg3 17. fxg3 Nf6 18. Rf1 d4 19. Ne4 Nxe4 20. Qxe4 Bf5 21.
Qh4 Rab8 22. Nd2 Bg6 23. Nc4 Rb7 24. Rbe1 Rfb8 25. Kg1 Bh7 26. Re2 Qe7 27. Qxe7
Rxe7 28. h4 Bg6 29. Re5 Reb7 30. Rxc5 f5 31. Rf4 Bf7 32. Rxd4 e5 33. Rxe5 Bxc4
34. Rxc4 Rxb2 35. Rxf5 Rb1+ 36. Kh2 Ra1 37. Ra5 Rbb1 38. g4 Rh1+ 39. Kg3 Ra2
40. Rxa6 Rc1 41. Ra8+ Kh7 42. d4 Re1 43. Rcc8 Re3+ 44. Kf4 Rexa3 45. Rh8+ Kg6
46. Raf8 {SABINAH resigns} 1-0